Twentieth century literature.

Bibliographic Details
Uniform Title:Twentieth century literature (Online)
Format: Journal
Language:English
Published: Denver, Colo. : Swallow Press, 1955-
Subjects:
Online Availability: Check for online availability

MARC

Tag First Indicator Second Indicator Subfields
LEADER 00000cas a2200000 a 4500
001 in00001800713
005 20151026052240.0
006 m d
007 cr an---------
008 021002c19559999nyuqr p s b 0 0eng c
010 |a  2002227139 
022 |a 0041-462X 
035 |a (OCoLC)ocm50709693 
040 |a EYM  |c EYM  |d OCLCQ  |d UtOrBLW 
042 |a lcd 
049 |a TXAM 
050 1 4 |a PN2 
130 0 |a Twentieth century literature (Online) 
245 1 0 |a Twentieth century literature. 
246 3 |a 20th century literature 
264 1 |a Denver, Colo. :  |b Swallow Press,  |c 1955- 
310 |a Quarterly 
336 |a text  |b txt  |2 rdacontent 
337 |a computer  |b c  |2 rdamedia 
338 |a online resource  |b cr  |2 rdacarrier 
362 0 |a Vol. 1, no. 1 (Apr. 1955)- 
500 |a Imprint varies: Los Angeles : IHC Press, 1967-1973; Hempstead, N.Y. : Hofstra University Press, 1974- 
500 |a Title from title screen (viewed Oct. 2, 2002). 
500 |a Volumes 1-16 (1955-Jan. 1970) and volume 18, number 1 (Jan. 1972) are digitized versions of the reprint edition published: Millwood, N.Y. : Kraus Reprint Corp., 1966-1979. 
500 |a Latest issue consulted: Volume 46, number 3 (fall 2000) (surrogate). 
530 |a Online version of the print publication. 
538 |a Mode of access: World Wide Web. 
500 |a Electronic resource. 
650 0 |a Literature, Modern  |y 20th century  |x History and criticism  |v Periodicals. 
650 0 |a Literature, Modern  |y 20th century  |x History and criticism  |v Bibliography  |v Periodicals. 
776 1 |t Twentieth century literature  |x 0041-462X  |w (DLC) 56001944  |w (OCoLC)1713698 
948 |a cataloged  |b h  |c 2004/3/15  |d c  |e bsurratt  |f 2:37:10 pm 
994 |a E0  |b TXA 
999 |a MARS 
999 f f |s 49ea979c-8508-3698-9b20-44b53d444452  |i 77320183-f236-3152-b1aa-62632b2f36c7  |t 0 
952 f f |a Texas A&M University  |b College Station  |c Electronic Resources  |d Available Online  |t 0  |e PN2 .T8  |g Electronic  |h Library of Congress classification 
998 f f |a PN2 .T8  |t 0  |l Available Online